| 000 | 01180nas a2200361 4500 | ||
|---|---|---|---|
| 001 | BR0800301 | ||
| 003 | BR-BrBNA | ||
| 005 | 20231205111445.0 | ||
| 007 | ta | ||
| 008 | 230509b bl.|||p| |||| 00| 00por d | ||
| 040 |
_aBR-BrBNA _bpor _cBiblioteca Nacional de Agricultura |
||
| 041 | _a(Pt) | ||
| 072 | _aL73; L70 | ||
| 100 | 1 | _aPinheiro, S.R. | |
| 100 | 1 | _aVasconcellos, S.A. | |
| 100 | 1 | _aMorais, Z.M. | |
| 100 | 1 | _aFerreira Neto, J.S. | |
| 100 | 1 | _aSinhorini, I.L. | |
| 100 | 1 | _aIto, F.H. | |
| 100 | 1 | _aCôrtes, J.A. | |
| 245 | 1 | _aPadronização de teste in vitro para a avaliação da atividade de micobactericida do hipoclorito de sódio e de uma combinação de aldeídos. Influência da passagem da estirpe teste (Mycobacterium Bovis - AN- 5)em hamsters | |
| 650 | _aDOENÇA ANIMAL | ||
| 650 | _aALDEÍDO | ||
| 650 | _aMICOBACTÉRIA | ||
| 650 | _aBACTERICIDA | ||
| 650 | _aBOVINO | ||
| 650 | _aDESINFECÇÃO | ||
| 650 | _aHIGIENE | ||
| 650 | _aHAMISTER | ||
| 773 | 0 |
_tArquivos do Instituto Biológico (Brazil) _xISSN 0020-3653 _g(Jan-Jun 1997), v. 64(1) p. 11-22 _wBR0800301 |
|
| 909 |
_a202311 _bLúcia _c55 _dLúcia Elande |
||
| 942 |
_2AGRIS _n0 _cANA |
||
| 999 |
_c192835 _d192835 |
||